| 000 | 00707nam a22002297a 4500 | ||
|---|---|---|---|
| 999 |
_c1169 _d1169 |
||
| 003 | AR-CdUCM | ||
| 008 | 190226b ||||| |||| 00| 0 spa d | ||
| 040 |
_aMUNICIPALIDAD PROVINCIAL DEL CUSCO _cBIBLIOTECA MUNICIPAL DEL CUSCO |
||
| 082 |
_a870 / _bR84 |
||
| 100 |
_aRosas Paravicino, Enrique _9417 |
||
| 245 |
_aEl Patriarca de la Aves / _cRosas Paravicino, Enrique |
||
| 260 |
_aBarcelona : _bVilatana, _c2007. |
||
| 300 |
_a28 paginas ; _bil, _c25cm. |
||
| 500 | _aCuentos | ||
| 505 | _aPatriarca de las Aves | ||
| 650 |
_aHistoria _9136 |
||
| 650 |
_aCuentos Infantiles _93830 |
||
| 650 |
_aTextos _94584 |
||
| 700 |
_aAguilar Peña, César _94585 |
||
| 942 |
_2ddc _cLIBROS |
||
| 945 |
_apjha _d2019-02-26 |
||